| 000 | 00324nam a2200121Ia 4500 | ||
|---|---|---|---|
| 005 | 20251222144705.0 | ||
| 008 | 251222s9999||||xx |||||||||||||| ||spa|| | ||
| 082 | _a352.3/B79/Ej.2 | ||
| 100 | _aBoza Dibos, Beatriz | ||
| 245 | 0 | _aManual de Buenas Prácticas Gubernamentales 2006 | |
| 264 | _bCuidadanos al Día | ||
| 942 | _cLIB | ||
| 999 |
_c17600 _d17600 |
||